000 01140nam a2200313 i 4500
001 177525
003 ES-MaACL
005 20250812173706.0
007 t|
008 110330s2009 sp a ||||1| spa d
020 _a978-84-937480-0-5
080 _a7.05 Feduchi Benlliure, Javier
080 _a7.05 Feduchi, Luis M.
080 _a7.05 Feduchi, Pedro
245 0 0 _aFeduchi
_b: tres generaciones en arquitectura y diseño : [exposición] /
_c[textos: José María Tomás Llavador, Selina Blasco, Pedro Feduchi].
250 _a1ª ed.
260 _a[Tabernes Blanques, Valencia] :
_b[Malabar],
_c2009.
300 _a80 p. :
_bfot. col. y n. ;
_c22 cm.
600 1 7 _aFeduchi, Luis M.,
_d1901-1975-
_vExposiciones
_2
_9145916
600 1 4 _aFeduchi Benlliure, Javier-
_vExposiciones.
_9145917
600 1 4 _aFeduchi, Pedro-
_vExposiciones.
_9145918
655 7 _2tgfbne
_9193628
_aCatálogos de exposiciones
700 1 _aTomás Llavador, José María.
_9145919
700 1 _aBlasco Castiñeyra, Selina.
_9145920
700 1 _aFeduchi, Pedro.
_9145915
852 _aES-MaACL
_jE-14737
942 _2udc
999 _c177525
_d177525